000 00399nam a22001697a 4500
005 20200520141912.0
008 200520b xxu||||| |||| 00| 0 eng d
020 _a9788174734495
041 _aeng
082 _a570.72 MUS
100 _aMustafa A
_95631
245 _aResearch Methodology
260 _aDelhi
_bAITBS PUBLISHERS
_c2020
300 _a251,X
650 _aPharmacy
_95632
942 _cBK
999 _c6341
_d6339